000 00800nam a2200241 a 4500
001 74012
003 BD-RjUL
005 20211209082456.0
008 171224s2017 bg ||||| |||| 001 0 eng d
020 _a9789843419712
_cTk. 800.00
035 _a(BD-RjUL)74230
040 _aBD-RjUL
_beng
_cBD-RjUL
041 _aeng
082 _223
_a330.9519
_bSUR 2017
100 _aSultana , Samina
_9219858
245 1 4 _aThe Role Of the United States in The Development of the South Korean Economy 1945-1990 /
_b: a historical study /
_c Samina Sultana ,
260 _aDhaka :
_bItihas Academy ,
_c2017
300 _aXv , 240 p. :
_bill ;
_c14 cm.
500 _aIncludes Index
651 _zSouth Korea
_vEconomic conditions.
_9219859
651 _aSouth korea
_vEconomic history.
_9219860
942 _2ddc
_cBK
999 _c74012
_d74012